Quizzes
Events
Quiz Creation
Community
Videos
Private Events
Remove Ads
Sign In
Join for FREE
Feedback
Dark Mode
Quiz Categories
Sports
Geography
Music
Movies
Television
Just For Fun
Miscellaneous
History
Literature
Language
Science
Gaming
Entertainment
Religion
Holiday
For Kids
Quiz Lab
Recent
Popular Today
Quiz Kudos Today
Editor Picks
Curator Picks
Quizzes by...
Day
Popularity
Type
Ratings
Length
Year
Community
Subscriptions
Recent Discussions
Orange Saloon
Badges
Playlists
Quests
Create
Leaderboards
Showdown
Live 5
Trivia Bingo
Activity
Puzzle Library
Sporcle Events
Private Events
Virtual Trivia
Globe League
Become a Host
Pub Owners
SporcleCon
Opinionation
Our Games
Videos
Blog
Mobile Apps
Partnerships
Remove Ads and Go Orange
Feedback
Music
Pop Music
The Beatles
Song
Album
Lyrics
Bands
Singers
Artist
Clip
Rock
Rap
Classical
Billboard
Country Music
Kpop
Taylor Swift
Music
Pop Music
The Beatles
Song
Album
Lyrics
Bands
Singers
Artist
Clip
Rock
Rap
Classical
Billboard
Country Music
Kpop
Taylor Swift
Random Quiz
Search Sporcle
×
Quiz Lab
Quiz Lab
Music
Song
Type in answers that appear in a list
Type in answers that appear in a list
Classic
Best Score? Go Orange.
Paramore Album Songs Stats
Can you name the Paramore Album Songs?
By
macca90
10m
33 Questions
372 Plays
372 Plays
372 Plays
Comments
Comments
Give Quiz Kudos
Give Quiz Kudos
-
- Ratings
hide this ad
Replay
Link that replays current quiz
Next Quiz
Link to next quiz in quiz playlist
You Got
0%
They Got
Avg Score
75%
Avg Friend Score
Upgrade to see
Score Distribution
Jump to the score distribution portion of the page
Score
0/33
Timer
10:00
0
Plays Today
% Correct
Misery Business
90.3%
Ignorance
90.1%
Brick By Boring Brick
87.4%
Pressure
85.5%
All We Know
85.2%
Emergency
85.2%
Crushcrushcrush
84.9%
The Only Exception
82%
That's What You Get
81.7%
Fences
80.6%
Careful
78.8%
Decode
78.5%
Playing God
78.2%
My Heart
77.4%
Hallelujah
77.2%
For A Pessimist, I'm Pretty Optimistic
76.1%
Misguided Ghosts
76.1%
% Correct
When It Rains
75.5%
Franklin
75.3%
All I Wanted
75%
Born For This
73.7%
Let The Flames Begin
72%
Looking Up
71%
Turn It Off
69.4%
Where The Lines Overlap
68.8%
Here We Go Again
68%
We Are Broken
67.7%
Feeling Sorry
67.7%
Conspiracy
67.5%
Brighter
66.7%
Miracle
66.4%
Whoa
64.5%
Let This Go
53.5%
Quiz Playlist
Details
Report
Send in Message
Add To Playlist
Classic:
Type in answers that appear in a list
Quiz Source
Last Updated: Feb 16, 2017
Quiz Scoreboard
CHALLENGE
Sign Up to Join the Scoreboard
Show All
Scores
Hide
Comments
May contain spoilers
Recently Published
9x9 Crossword: Cartoon Network
by jackfrog10
Miscellaneous
3m
College Basketball Coaching Resumes
by pancakes188
Sports
9m
Billboard Blitz: Fleetwood Mac
by CooCooCachoo
Music
15s
More to Explore
Quiz From the Vault
Featured Blog Post
Where Did the Easter Bunny Come From?
hide this ad
You Might Also Like...
Tags
Album Quiz
Song Quiz
paramore
Paramore Album
Today's Top Quizzes in Music
Browse Music
hide this ad
Today's Top Quizzes in Song
Browse Song
Top Contributed Quizzes in Music
1
Taylor Swift All Songs (2024)
2
Guess the Artist- 70s Songs
3
7-to-1: Billboard Hot 100 #1 Hits of 2010s
4
Sorting Albums and Songs
5
Taylor Swift Logic Puzzle
6
KPOP LOGIC QUIZ
7
Guess the Taylor Swift song (Mystery Song)
8
Guess The Taylor Swift Lyrics Song #1
9
Billboard Blitz: ABBA
10
One Thing in Common: Music
Explore More
Trending Topics
Anime
Kpop
Crossword
Harry Potter
Marvel
Disney
NBA
Pokémon
Country
The Office
NFL
Soccer
Puzzle
WWE
Song
hide this ad
More By:
macca90
Quiz
Plays
Rating
Category
Featured
Created
Paramore Album Songs
372
Music
Jan 3, 2010
Go to Creator's Profile
Score Distribution
Quiz Creator Spotlight
macca90
Follow
Send a Message
Quizzes Created
-
Created Quiz Play Count
-
More By This Creator
Popular Quizzes Today
1
Find the US States - No Outlines Minefield
2
Find the Countries of Europe - No Outlines Minefield
3
The Countries of the World
4
Find the US States
5
Risky Map Clicking: Biggest States A-Z
6
US States
7
Popular People in 1961
8
Movies - When Are They Set?
More Music Quizzes
'Can't Stop the Feeling' Lyrics
Published
Trending Quizzes
Risky Map Clicking: Least Populous States A-Z
1-10 Letter G Words
1-10 Letter F Words
Risky Map Clicking: Next State Alphabetically
Adjectives in 80s TV Shows
Recently Updated
Leaping Animals
pecheneg
Reality TV Shows (A-Z)
bhenderson79
Rickey Henderson's Hall of Fame Teammates
pecheneg
Champions League XIs: Arsenal
pecheneg
Quick Pick: Celebrities in WWE's Hall of Fame
aduchscher
A-Z Keypad Blitz II
pecheneg
Multiple Oscar Actors
pecheneg
Mystery Phrase Blitz: Oscar 'Best Actors'
pecheneg
F. Scott Fitzgerald Novels
LTH
Pick 3 Villains
ddd62291
Trending Topics
NBA
Kpop
Harry Potter
Crossword
Marvel
Anime
Disney
NFL
WWE
Song
Pokémon
Puzzle
The Office
Soccer
Country
Your Account Isn't Verified!
In order to create a playlist on Sporcle, you need to verify the email address you used during registration. Go to your
Sporcle Settings
to finish the process.
Report this User
Report this user for behavior that violates our
Community Guidelines
.
Details:
Send Report
Go to the Sporcle.com Mobile Site →
Comments